Seleção das Transferências mais Caras - Statistics

Estatísticas Gerais
  • Esse quiz foi jogado 365 vezes
  • A pontuação média é 6 de 11
Estatísticas das Respostas
Dica DE PARA NOME VALOR % Correto
GOL: Athletic Bilbao Chelsea Kepa €80.000.000
77%
ZAG Leicester Manchester United Maguire €87.000.000
75%
ATA Barcelona PSG Neymar €222.000.000
72%
ZAG Southampton Liverpool Van Dijk €84.650.00
66%
ATA Monaco PSG Mbappe €145.000.000
66%
MC Liverpool Barcelona Coutinho €145.000.000
65%
MC Juventus Manchester United Pogba €105.000.000
65%
ATA Benfica Aletico de Madrid João Felix €126.000.000
56%
LT Atletico de Madrid Bayern München Lucas hernandez €80.000.000
44%
LT Monaco Manchester City Mendy €57.500.000
35%
MC Astonvilla Manchester City Jack Grealish €117.000.000
29%
Nenhum quiz correspondente encontrado
Distribuição das Pontuações
Porcentagem de Pessoas com Cada Pontuação
Percentil de Números Respondidos
Sua Pontuação Histórica
Você não jogou esse quiz